Vídeo : (Record no. 988)

MARC details
000 -LEADER
campo de control de longitud fija 01084nam a22002537a 4500
008 - DATOS DE LONGITUD FIJA--INFORMACIÓN GENERAL
campo de control de longitud fija 160730s2006 sp||||| |||| 00| 0 spa d
020 ## - NÚMERO INTERNACIONAL ESTÁNDAR DEL LIBRO
Número Internacional Estándar del Libro 848026313X
082 04 - NÚMERO DE LA CLASIFICACIÓN DECIMAL DEWEY
Número de clasificación 708
Número de ítem M986v
110 1# - ENTRADA PRINCIPAL--NOMBRE DE ENTIDAD CORPORATIVA
Nombre de entidad corporativa o nombre de jurisdicción como elemento de entrada Museo Nacional Centro de Arte Reina Sofía.
9 (RLIN) 1491
245 10 - MENCIÓN DEL TÍTULO
Título Vídeo :
Resto del título el principio, cuaderno didáctico /
Mención de responsabilidad, etc. Departamento de Educación del Museo Nacional Centro de Arte Reina Sofía ; textos por Pablo Martínez.
250 ## - MENCION DE EDICION
Mención de edición 1a ed.
260 ## - PUBLICACIÓN, DISTRIBUCIÓN, ETC.
Lugar de publicación, distribución, etc. Madrid, España :
Nombre del editor, distribuidor, etc. Museo Nacional Centro de Arte Reina Sofía,
Fecha de publicación, distribución, etc. 2006.
300 ## - DESCRIPCIÓN FÍSICA
Extensión 32 p.
Otras características físicas il. col.
500 ## - NOTA GENERAL
Nota general Publicado en conjunto con la exposición "Primera Generación, Arte e Imagen en Movimiento, 1963-1986" celebrada en el Museo Nacional Centro de Arte Reina Sofía del 7 de noviembre de 2006 al 2 de abril de 2007.
653 10 - TÉRMINO DE INDIZACIÓN--NO CONTROLADO
Término no controlado Videoarte
653 10 - TÉRMINO DE INDIZACIÓN--NO CONTROLADO
Término no controlado Video - Historia - Contexto social
653 10 - TÉRMINO DE INDIZACIÓN--NO CONTROLADO
Término no controlado Videoinstalaciones
653 10 - TÉRMINO DE INDIZACIÓN--NO CONTROLADO
Término no controlado Televisión
653 10 - TÉRMINO DE INDIZACIÓN--NO CONTROLADO
Término no controlado Arte visual
653 10 - TÉRMINO DE INDIZACIÓN--NO CONTROLADO
Término no controlado Producción audiovisual
653 10 - TÉRMINO DE INDIZACIÓN--NO CONTROLADO
Término no controlado Cámaras de video
653 10 - TÉRMINO DE INDIZACIÓN--NO CONTROLADO
Término no controlado Exhibiciones
700 1# - ENTRADA AGREGADA--NOMBRE PERSONAL
Nombre de persona Martínez, Pablo.
Término indicativo de función/relación textos.
9 (RLIN) 5325
Holdings
Estatus retirado Estado de pérdida Fuente del sistema de clasificación o colocación Estado de daño No para préstamo Biblioteca de origen Biblioteca actual Ubicación en estantería Fecha de adquisición Total de préstamos Signatura topográfica completa Código de barras Visto por última vez Precio de reemplazo Tipo de ítem Koha
    Clasificación Decimal Dewey     Biblioteca LadoV Biblioteca LadoV   30/07/2016   708 M986v 003925 30/07/2016 30/07/2016 Material 01